Central Library OPAC University of Rajshahi

Stochastic models for social processes / (Record no. 6602)

MARC details
000 -LEADER
fixed length control field 00937nam a2200277 a 4500
001 - CONTROL NUMBER
control field 6602
003 - CONTROL NUMBER IDENTIFIER
rucl marc code BD-RjUL
005 - DATE AND TIME OF LATEST TRANSACTION
control field 20211208234257.0
008 - FIXED-LENGTH DATA ELEMENTS--GENERAL INFORMATION
fixed length control field 160905r19821963nyua b 00110 eng d
020 ## - INTERNATIONAL STANDARD BOOK NUMBER
International Standard Book Number 0471280402
035 ## - SYSTEM CONTROL NUMBER
System control number (BD-RjUL)6643
040 ## - CATALOGING SOURCE
Original cataloging agency WLU
Transcribing agency WLU
Modifying agency BOS
-- BD-RjUL
Language of cataloging eng
041 ## - LANGUAGE CODE
Language code of text/sound track or separate title eng
082 04 - DEWEY DECIMAL CLASSIFICATION NUMBER
Edition number 23
Classification number 300.724
Author mark and year BAS 1982
100 10 - MAIN ENTRY--PERSONAL NAME
Personal name Bartholomew, D. J.
9 (RLIN) 20167
245 10 - TITLE STATEMENT
Title Stochastic models for social processes /
Statement of responsibility, etc. D. J. Bartholomew
250 ## - EDITION STATEMENT
Edition statement 3rd ed.
260 ## - PUBLICATION, DISTRIBUTION, ETC. (IMPRINT)
Place of publication, distribution, etc. Chichester ;
-- New York :
Name of publisher, distributor, etc. J. Wiley,
Date of publication, distribution, etc. c1967 [reprint 1982]
300 ## - PHYSICAL DESCRIPTION
Pagination xii, 365 p. :
Illustrations ill. ;
Size 24 cm.
490 0# - SERIES STATEMENT
Series statement Wiley series in probability and mathematical statistics.
504 ## - BIBLIOGRAPHY, ETC. NOTE
Bibliography, etc Includes Bibliographical reference and index.
650 #0 - SUBJECT ADDED ENTRY--TOPICAL TERM
Topical term or geographic name as entry element Social sciences
General subdivision Mathematical models.
9 (RLIN) 6879
Topical term or geographic name as entry element Stochastic processes.
9 (RLIN) 7647
830 ## - SERIES ADDED ENTRY--UNIFORM TITLE
Uniform title Wiley series in probability and mathematical statistics.
942 ## - ADDED ENTRY ELEMENTS (KOHA)
Source of classification or shelving scheme Dewey Decimal Classification
Koha item type Books
Holdings
Lost status Source of classification or shelving scheme Damaged status Not for loan Collection code Permanent Location Current Location Shelving location Date acquired Source of acquisition Total Checkouts Full call number Date last seen Copy number Koha item type Cost, normal purchase price
  Dewey Decimal Classification     Non-fiction Central Library, University of Rajshahi Central Library, University of Rajshahi   16/09/2008 RUCL Adminstration Gift   300.724 BAS 1982 11/01/2014 C-6 Books  
  Dewey Decimal Classification     Non-fiction Central Library, University of Rajshahi Central Library, University of Rajshahi   16/09/1984 tapon-tulip   300.724 BAS 1982 05/09/2016 C-7 Books 59.35
  Dewey Decimal Classification   Not For Loan Non-fiction Central Library, University of Rajshahi Central Library, University of Rajshahi Reading Room 16/09/1984 Tulip Ent.   300.724 BAS 1982 19/04/2017 C-1 Books 59.35